Statistics for Hebrew To English

Click here to take the quiz!

General Stats

  • This quiz has been taken 78 times
  • The average score is 5 of 7

Answer Stats

HebrewEnglish% Correct
ישראלIsrael
98%
עִברִיתHebrew
95%
ירושליםJerusalem
84%
מגן דודStar Of David
69%
יַהֲדוּתJudaism
39%
המזרח התיכוןMiddle East
36%
נַצְרוּתChristianity
31%

Score Distribution

Percentile by Number Answered

Percent of People with Each Score

Your Score History

You have not taken this quiz